000 00646nam a2200253Ia 4500
003 OSt
005 20221005132140.0
006 a|||||r|||| 00| 0
007 ta
008 221004b |||||||| |||| 00| 0 tam d
024 _a47636
037 _cTextual
040 _aCRL
_cCRL
_btam
041 _2tam
_atam
082 _aO31,1wK, J9.3
100 _aRamasamypulavar Au.
_9640661
245 0 _aThamizh pulavar agaravarisai
260 _c1959
490 _vPart3
650 _a TAMIL POETRY
650 _aTAMIL LITERATURE
942 _hO31,1wK, J9.3
_cTEXL
_2cc
999 _c1062579
_d1062579